| 000 | 01431cam a22003737a 4500 | ||
|---|---|---|---|
| 001 | 14574710 | ||
| 005 | 20200421093820.0 | ||
| 008 | 060928s2006 cc a 001 0 eng d | ||
| 010 | _a 2006283805 | ||
| 020 | _a0596102062 | ||
| 020 | _a9780596102067 | ||
| 035 | _a(OCoLC)ocm64666983 | ||
| 040 |
_aVYR _cVYR _dBAKER _dJRZ _dNLGGC _dDLC |
||
| 042 | _alccopycat | ||
| 050 | 0 | 0 |
_aQA76.73.P22 _bS368 2006 |
| 082 | 0 | 4 |
_a005.133 _222 |
| 084 |
_a54.53 _2bcl |
||
| 100 | 1 |
_aSchwartz, Randal L. _9147 |
|
| 245 | 1 | 0 |
_aIntermediate Perl / _cRandal L. Schwartz, Brian D. Foy, and Tom Phoenix ; [foreword by Damian Conway]. |
| 250 | _a2nd ed. | ||
| 260 |
_aBeijing ; _aSebastopol, CA : _bO'Reilly, _cc2006 |
||
| 300 |
_axix, 256 p. : _bill. ; _c24 cm. |
||
| 500 | _a"Beyond the basics of learning Perl"--Cover. | ||
| 500 | _aIncludes index. | ||
| 650 | 0 |
_aPerl (Computer program language) _919 |
|
| 650 | 1 | 7 |
_aObject-georiƫnteerd programmeren. _2gtt _91522 |
| 700 | 1 |
_aFoy, Brian D. _9148 |
|
| 700 | 1 |
_aPhoenix, Tom. _9149 |
|
| 856 | 4 | 2 |
_3Publisher description _uhttp://www.loc.gov/catdir/enhancements/fy0715/2006283805-d.html |
| 856 | 4 | 2 |
_3Contributor biographical information _uhttp://www.loc.gov/catdir/enhancements/fy0912/2006283805-b.html |
| 906 |
_a7 _bcbc _ccopycat _d2 _encip _f20 _gy-gencatlg |
||
| 942 |
_2ddc _cBK |
||
| 999 |
_c126 _d126 |
||